000 01059nam a2200313 4500
003 EG-GICUC
005 20260204232545.0
008 260204s1968 fr ||||fr|||| 00| 0 fre d
040 _aEG-GiCUC
_bfre
_cEG-GiCUC
_dEG-GiCUC
_eRda
041 0 _afre
082 0 4 _221
_a341.81
_bBE . N
092 0 4 _221
099 _aLaw1 12 341.81 BE . N 1968
100 1 _aBenaerts, Pierre
_eAuteur
245 1 0 _aNationalité et nationalisme (1869-1878) /
_cPierre Benaerts, Henri Hauser, Fernand L'huillier, Jean Maurain.
264 1 _aParis :
_bPresses Universitaires de France,
_c1968.
300 _a761 page ;
_c 24 cm.
336 _2rda contenu
_a texte
337 _2rda medias
_aOrdinateur
338 _2 transporteur rda
_a Ressource en ligne
546 _aTexte en français
650 1 4 _aInternationales Privatrecht
700 1 _aHauser, Henri
_eCo-Auteur
700 1 _aL'huillier, Fernand
_eCo-Auteur
700 1 _aMaurain, Jean
_eCo-Auteur
856 4 0 _uhttps://fll.law.cu.edu.eg/fulltext/bks/B12-02426.pdf
905 _a30
942 _2ddc
_cBK
_e21
_n0
999 _c61166
_d61166